La hostería de Cantillana : (Record no. 47740)

MARC details
000 -LEADER
campo de control de longitud fija 00906nam a2200229 i 4500
001 - NÚMERO DE CONTROL
campo de control 47740
003 - IDENTIFICADOR DE NÚMERO DE CONTROL
campo de control ES-MaACL
005 - FECHA Y HORA DE LA ÚLTIMA TRANSACCIÓN
campo de control 20251002201031.0
007 - CAMPO FIJO DE DESCRIPCIÓN FÍSICA--INFORMACIÓN GENERAL
campo de control de longitud fija t|
008 - DATOS DE LONGITUD FIJA--INFORMACIÓN GENERAL
campo de control de longitud fija 030521s1902 sp ||||1| spa d
080 ## - NÚMERO DE LA CLASIFICACIÓN DECIMAL UNIVERSAL
Número de la Clasificación Decimal Universal 821.134.2-31"18"
100 1# - ENTRADA PRINCIPAL--NOMBRE DE PERSONA
Nombre de persona Bonilla y San Martín, Adolfo,
Fechas asociadas al nombre 1875-1926
9 (RLIN) 30193
245 13 - MENCIÓN DEL TÍTULO
Título La hostería de Cantillana :
Resto del título novela del tiempo de Felipe IV /
Mención de responsabilidad, etc. por el Bachiller Alonso de San Martín [seud.] ; dibujos de R. Marín.
260 ## - PUBLICACIÓN, DISTRIBUCIÓN, ETC.
Lugar de publicación, distribución, etc. Madrid :
Nombre del editor, distribuidor, etc. B. Rodríguez Serra,
Fecha de publicación, distribución, etc. 1902 (
Fabricante Imp. de A. Pérez y Cª)
300 ## - DESCRIPCIÓN FÍSICA
Extensión 350 p. :
Otras características físicas il. ;
Dimensiones 19 cm.
530 ## - NOTA DISPONIBLE DE FORMULARIO FÍSICO ADICIONAL
Nota de formato físico adicional disponible Disponible en formato digital.
700 1# - ENTRADA AGREGADA--NOMBRE PERSONAL
Nombre de persona Marín, Ricardo,
Fechas asociadas al nombre 1874-1955
9 (RLIN) 76757
852 4# - LOCALIZACIÓN
Ubicación ES-MaACL
Número de control de estantería D-2504
Ubicación en estantería Sala Valle Inclán
Nota libre Revisado enlace: 14 de julio de 2025
856 4# - LOCALIZACIÓN Y ACCESO ELECTRÓNICOS
Identificador Uniforme de Recursos <a href="https://archive.org/details/lahosteradecanti00boni/page/n3/mode/2up">https://archive.org/details/lahosteradecanti00boni/page/n3/mode/2up</a>
Texto de enlace Internet Archive
942 ## - ELEMENTOS DE ENTRADA SECUNDARIOS (KOHA)
Fuente del sistema de clasificación o colocación Clasificación decimal universal
Holdings
Estatus retirado Estado de pérdida Estado de daño No para préstamo Colección Biblioteca de origen Biblioteca actual Ubicación en estantería Fecha de adquisición Fuente de adquisición Total de préstamos Signatura topográfica completa Código de barras Visto por última vez Precio de reemplazo Tipo de ítem Koha
        Colección digital Biblioteca del Ateneo de Madrid Biblioteca del Ateneo de Madrid Sala Valle Inclán 17/01/2008     D-2504 901050233 23/02/2023 23/02/2023 Libro impreso